Steven Spielberg Movies - Sudden Death - Statistics

General Stats
  • This quiz has been taken 573 times
    544 since last reset
  • The average score is 9 of 16
Answers on the Grid
Answers color-coded by a green-red scale on the quiz's grid according to % correct below.
Jurassic Park
Indiana Jones and the Temple of Doom
Top Gun
The Hunger Games
Harry Potter and the Deathly Hallows
BFG
Avatar
Munich
Star Wars
War Horse
Saving Private Ryan
Jumanji
Iron Man
Gremlins
Back to the Future
The Batman
Hook
Oppenheimer
The Matrix
Beetlejuice
Schindler's List
Lincoln
Reagan
The Gladiator
War of the Worlds
Jaws
The Color Purple
The Titanic
1941
The Sugarland Express
 
Answer Stats
Answer % Correct
Jurassic Park
94%
Indiana Jones and the Temple of Doom
85%
Saving Private Ryan
73%
Schindler's List
70%
Jaws
68%
Munich
54%
Lincoln
51%
The Color Purple
51%
BFG
49%
Hook
48%
War Horse
46%
War of the Worlds
46%
1941
41%
The Sugarland Express
34%
Gremlins
30%
Back to the Future
24%
No matching quizzes found
Score Distribution
Percent of People with Each Score
Percentile by Number Answered
Your Score History
You have not taken this quiz since the last reset